E-business 2.0 :roadmap for success / (Record no. 7843)
[ view plain ]
| 000 -LEADER | |
|---|---|
| fixed length control field | 00827nac a22002411u 4500 |
| 010 ## - LIBRARY OF CONGRESS CONTROL NUMBER | |
| LC control number | 00048518 |
| 020 ## - INTERNATIONAL STANDARD BOOK NUMBER | |
| International Standard Book Number | 0201721651 |
| 082 00 - DEWEY DECIMAL CLASSIFICATION NUMBER | |
| Classification number | 658.84 |
| Item number | KAL |
| 090 ## - LOCALLY ASSIGNED LC-TYPE CALL NUMBER (OCLC); LOCAL CALL NUMBER (OCLC) | |
| -- | 7843 |
| -- | 7843 |
| 100 ## - MAIN ENTRY--PERSONAL NAME | |
| Personal name | Kalakota, Ravi. |
| 245 10 - TITLE STATEMENT | |
| Title | E-business 2.0 :roadmap for success / |
| Statement of responsibility, etc | Ravi Kalakota and Marcia Robinson. |
| 260 ## - PUBLICATION, DISTRIBUTION, ETC. (IMPRINT) | |
| Place of publication, distribution, etc | Boston, MA : |
| Name of publisher, distributor, etc | Addison-Wesley,c2001. |
| Date of publication, distribution, etc | c2001. |
| 300 ## - PHYSICAL DESCRIPTION | |
| Extent | xxiv, 520 p. : |
| Other physical details | ill. ; |
| Dimensions | 24 cm. |
| 440 #0 - | |
| -- | Addison-Wesley information technology series |
| 500 ## - GENERAL NOTE | |
| General note | Rev. ed. of: E-Business. c1999. |
| 500 ## - GENERAL NOTE | |
| General note | Distributer: Baccah. |
| 504 ## - BIBLIOGRAPHY, ETC. NOTE | |
| Bibliography, etc | Includes bibliographical references and index. |
| 511 ## - PARTICIPANT OR PERFORMER NOTE | |
| Participant or performer note | Catalogued By: Mahitab. |
| 650 #0 - SUBJECT ADDED ENTRY--TOPICAL TERM | |
| Topical term or geographic name as entry element | Electronic commerce. |
| 700 1# - ADDED ENTRY--PERSONAL NAME | |
| Personal name | Robinson, Marcia, |
| Dates associated with a name | 1964- |
| 700 1# - ADDED ENTRY--PERSONAL NAME | |
| Personal name | Kalakota, Ravi. |
| 942 ## - ADDED ENTRY ELEMENTS (KOHA) | |
| Item type | NB - Book (Non borrowing) |
| Call number prefix | 658.84KAL |
| Withdrawn status | Item status | Damaged status | Not for loan | Home library | Current library | Shelving location | Date acquired | Source of acquisition | Total Checkouts | Full call number | Barcode | Date last seen | Date last borrowed | Koha item type | Total Renewals |
|---|---|---|---|---|---|---|---|---|---|---|---|---|---|---|---|
| Central Library | Central Library | First floor | 07/02/2008 | Purchase | 2 | 658.84KAL | 000009698 | 15/07/2025 | 30/04/2013 | NB - Book (Non borrowing) | |||||
| Central Library | Central Library | First floor | 07/02/2008 | Purchase | 2 | 658.84KAL | 000009699 | 15/07/2025 | 06/12/2010 | Book - Borrowing | 4 | ||||
| Central Library | Central Library | First floor | 07/02/2008 | Purchase | 4 | 658.84KAL | 000009700 | 15/07/2025 | 18/03/2019 | Book - Borrowing | 20 |